01351nam a22003737a 4500003000500000005001700005008004100022010000900063011000900072035000900081040000900090090001000099100003500109245007200144260004000216300001800256502009600274590003700370590004100407590004100448590004100489590004200530650002500572650002100597650003200618700003600650710007000686790002100756901000700777942001000784949004100794999001500835952012700850CHAP20220329133536.0971013s1993 r 00010 d a7648 a8620 a7849 cCHAP aTesis00aLivera Nolasco, Javier.967202 aEvaluación tecnológico-explotativa de dos ensiladoras de maíz aChapingo, Méx. :bEl autor,c1993 a87 h.b: ilus aTesis (Ing. Mecánico. Agric.) -- UACH. Departamento de Ingeniería Mecánica Agrícola aALEPHb10c20130110lUCH01h1220 aBATCH-UPDb10c20130110lUCH01h1818 aBATCH-UPDb10c20130410lUCH01h1152 aBATCH-UPDb10c20130914lUCH01h1052 aCONVERSIONb10c20130109lUCH01h130514aCosechadoras.92844214aEnsilaje.93710214aMaíz como forraje.9711090 aMota Solís, Adalberto.9790710 aUACH. Departamento de Ingeniería Mecánica Agrícola.9115872 aSilocosechadoras aBK cTESIS bBCcTESd-17728eTS1h26244i7849si c7648d7648 00102local4051708TESISaBCbBCcPA_TESISd2019-12-31fTESISl0oTesisp-17728r2019-12-31 00:00:00w2019-12-31yTESIS